The economic development of Morocco /

Bibliographic Details
Corporate Author: World Bank
Format: Book
Language:English
Published: Baltimore : Johns Hopkins Press, [1966]
Subjects:

MARC

Tag First Indicator Second Indicator Subfields
LEADER 00000cam a2200000 4500
001 in00000067853
005 20151008050824.0
008 720126s1966 mdu 00000 eng u
010 |a  66024215  
035 |a (OCoLC)00228593 
035 |9 AAG3608AM 
040 |c WSU  |d TXA  |d UtOrBLW 
049 |a TXAM  |c [475429] 
050 0 |a HC591.M8  |b I55 
092 |a 330.964  |b I61e 
110 2 |a World Bank. 
245 1 4 |a The economic development of Morocco /  |c report of a mission organized by the International Bank for Reconstruction and Development at the request of the Government of Morocco. 
264 1 |a Baltimore :  |b Johns Hopkins Press,  |c [1966] 
300 |a xiv, 356 pages 
336 |a text  |b txt  |2 rdacontent 
337 |a unmediated  |b n  |2 rdamedia 
338 |a volume  |b nc  |2 rdacarrier 
651 0 |a Morocco  |x Economic conditions. 
999 |a MARS 
999 f f |s affc2fd1-3952-3dcb-bf7b-003d5667810d  |i 7a72524a-7ed9-3f42-a462-9b7846dc67ae  |t 0 
952 f f |p ric  |a Texas A&M University  |b Rellis Campus  |c Joint Library Facility  |d Remote Storage  |t 0  |e HC591.M8 I55  |h Library of Congress classification  |i unmediated -- volume  |m A14800704889 
998 f f |a HC591.M8 I55  |t 0  |l Remote Storage